Akcia David pred šesťdesiatimi rokmi dal Tisov režim vyviezť zo Slovenska takmer 60-tisíc Židov

Bibliographic Details
Format: Article
Language:Slovak
Subjects:
Online Access:www.plus7dni.sk

MARC

LEADER 00000nab a2200000 a 4500
001 vtls008953891
003 SK-MaSNL
005 20260303070303.0
008 070309 2007 xo r r 000 0 slo
015 |a SNBRB2007/03  |2 kevkjb 
038 |a KEVKJB 
040 |a KEVKJB  |b slo  |c KEVKJB  |e AACR2 
041 0 |a slo 
044 |a xo  |c SK 
080 |a 94(437.6)  |x "1941/1945"  |2 2001 
080 |a 341.485(437.6)(=411.16)  |2 2001 
245 0 0 |a Akcia David  |b pred šesťdesiatimi rokmi dal Tisov režim vyviezť zo Slovenska takmer 60-tisíc Židov  |c [autor] (mič) 
300 |b Obr. 
650 0 7 |a Židia  |z Slovensko  |2 kevkjb  |9 16175 
650 0 7 |a deportácie Židov  |z Slovensko  |y 1942-1945  |2 kevkjb  |9 14241 
650 0 7 |a holokaust (1939-1945)  |z Slovensko  |2 kevkjb  |9 67421 
773 0 |t Plus 7 dní  |g Roč. XVII, č. 10 (2007), s. 48-50  |x 1210-2040 
852 |a KEVKJB  |b KIS3GCP 
856 4 1 |u www.plus7dni.sk 
958 |a OS 
999 |c 1754708  |d 1756638